000 00632nam a2200181 i 4500
001 94407
003 ES-MaACL
005 20251011063117.0
007 t|
008 050429s1958 sp ||||1| spa d
100 1 _aLorenzana, Francisco Antonio de,
_d1722-1804
_9151831
245 1 0 _aViage de Hernán Cortés a la península de Californias /
_cpor Francisco Antonio Lorenzana.
260 _aMadrid :
_bJosé Porrúa Turanzas,
_c1958.
300 _a28 p., 3 h. con 1 lám., :
_b1 mapa pleg. ;
_c16 cm.
651 4 _aCalifornia-
_xDescripción.
_9163580
852 _aES-MaACL
_j2004-F-4
_bR.43729
999 _c94407
_d94407